Unfoldings in Romans: (Record no. 5705)

000 -LEADER
fixed length control field 00602nam a2200181 a 4500
001 - CONTROL NUMBER
control field :::00003447$&:&@@
003 - CONTROL NUMBER IDENTIFIER
control field OkBaRHE
005 - DATE AND TIME OF LATEST TRANSACTION
control field 20000607103305.0
008 - FIXED-LENGTH DATA ELEMENTS--GENERAL INFORMATION
fixed length control field s1919 j 000 0 eng u
040 ## - CATALOGING SOURCE
Transcribing agency
100 1# - MAIN ENTRY--PERSONAL NAME
Personal name Thomson, Robert.
245 10 - TITLE STATEMENT
Title Unfoldings in Romans:
Remainder of title a simple exposition of Chaps. i. to viii.
260 ## - PUBLICATION, DISTRIBUTION, ETC. (IMPRINT)
Place of publication, distribution, etc London, UK:EN., :
Name of publisher, distributor, etc Morgan & Scott Ltd.
Date of publication, distribution, etc 1919
300 ## - PHYSICAL DESCRIPTION
Extent 136 p. ;
Dimensions 19 cm.
650 ## - SUBJECT ADDED ENTRY--TOPICAL TERM
Topical term or geographic name as entry element Bible New Testament Romans 1-8
General subdivision Commentaries
942 ## - ADDED ENTRY ELEMENTS (KOHA)
Source of classification or shelving scheme
Koha item type Books
Copies
Date acquired Not for loan Withdrawn status Date last seen Lost status Price effective from Full call number Source of classification or shelving scheme Shelving location Koha item type Permanent Location Copy number Barcode Damaged status
2010-04-14  2018-03-28 2010-04-14BS 2665 .T477 General StacksBooksRHEMA Bible Training College13447